[Event "Recklinghausen op 16th"]
[Site "Recklinghausen"]
[Date "2006.10.11"]
[Round "3"]
[White "Friedrich, Michael Christian"]
[Black "Markgraf, Jonas"]
[Result "0-1"]
[WhiteElo "1472"]
[BlackElo "2068"]
[PlyCount "40"]
[EventDate "2006.10.07"]
[EventType "swiss"]
[EventRounds "7"]
[EventCountry "GER"]
[SourceTitle "CBM 114 Extra"]
[Source "ChessBase"]
[SourceDate "2006.11.03"]
[SourceVersion "1"]
[SourceVersionDate "2006.11.03"]
[SourceQuality "1"]

1. d4 Nf6 2. c4 g6 3. Nf3 Bg7 4. Nc3 d6 5. Bg5 h6 6. Bxf6 Bxf6 7. e3 Nc6 8. Be2 e5 9. dxe5 Nxe5 10. Qc2 Bf5 11. Qd2 Be6 12. b3 Nxf3+ 13. Bxf3 Rb8 14. Rc1 0-0 15. Nd5 Bg7 16. Nf4 Bd7 17. h4 Bc6 18. Bd5 Qf6 19. g4 Rfe8 20. Qd3 Qxf4 0-1

[Event "Dortmund Sparkassen op-A"]
[Site "Dortmund"]
[Date "2006.07.28"]
[Round "1"]
[White "Markgraf, Jonas"]
[Black "Holtmannspoetter, Thomas"]
[Result "1-0"]
[WhiteElo "2046"]
[BlackElo "1719"]
[PlyCount "63"]
[EventDate "2006.07.28"]
[EventType "swiss"]
[EventRounds "9"]
[EventCountry "GER"]
[SourceTitle "CBM 113 Extra"]
[Source "ChessBase"]
[SourceDate "2006.09.14"]
[SourceVersion "1"]
[SourceVersionDate "2006.09.14"]
[SourceQuality "1"]

1. e4 c5 2. d4 cxd4 3. c3 dxc3 4. Nxc3 Nc6 5. Nf3 d6 6. Bc4 e6 7. 0-0 Nf6 8. Qe2 Be7 9. Rd1 e5 10. Bg5 Bg4 11. Rac1 0-0 12. Nb5 Qb6 13. Bxf6 Bxf6 14. Rxd6 a6 15. Nc3 Qb4 16. Rdd1 Nd4 17. Qd3 Bxf3 18. gxf3 Bg5 19. Nd5 Qd6 20. f4 Bh4 21. Qh3 Qg6+ 22. Qg2 Qh5 23. f5 Kh8 24. Kh1 Rac8 25. Nb6 Rc6 26. Nd7 Re8 27. Nxe5 Rxe5 28. Rxd4 b5 29. Rg1 g6 30. Bxf7 Rc2 31. fxg6 hxg6 32. Bxg6 1-0

[Event "Dortmund Sparkassen op-A"]
[Site "Dortmund"]
[Date "2006.07.28"]
[Round "2"]
[White "Scheider, Julian"]
[Black "Markgraf, Jonas"]
[Result "1-0"]
[WhiteElo "2180"]
[BlackElo "2046"]
[PlyCount "83"]
[EventDate "2006.07.28"]
[EventType "swiss"]
[EventRounds "9"]
[EventCountry "GER"]
[SourceTitle "CBM 113 Extra"]
[Source "ChessBase"]
[SourceDate "2006.09.14"]
[SourceVersion "1"]
[SourceVersionDate "2006.09.14"]
[SourceQuality "1"]

1. e4 c5 2. c3 e6 3. d4 d5 4. e5 Nc6 5. Nf3 Qb6 6. a3 c4 7. g3 Nge7 8. h4 h5 9. Bh3 Nf5 10. 0-0 Be7 11. Re1 Bd7 12. Nbd2 Na5 13. Rb1 Rc8 14. Qc2 Nb3 15. Nf1 Nxc1 16. Rbxc1 g6 17. Ne3 Qa6 18. Ng2 Ba4 19. Qd2 Kd7 20. Ng5 Rcf8 21. Kh2 Kc8 22. Nf4 Qb6 23. Ngxe6 fxe6 24. Nxg6 Rh7 25. Nxf8 Bxf8 26. Bxf5 exf5 27. e6 Bh6 28. f4 Re7 29. Qe2 Bg7 30. Qxh5 Qxb2+ 31. Kh3 Qxa3 32. Qxf5 Qd6 33. Ra1 b5 34. h5 Bb3 35. Rxa7 Bc2 36. Qg4 Kb8 37. Rd7 Qa3 38. f5 Qxc3 39. Qf4+ Ka8 40. Rd8+ Ka7 41. Qb8+ Ka6 42. Qd6+ 1-0

[Event "Duisburg Grossenbaum op"]
[Site "Duisburg"]
[Date "2006.07.02"]
[Round "6"]
[White "Markgraf, Jonas"]
[Black "Harff, Marcel"]
[Result "1-0"]
[WhiteElo "2046"]
[BlackElo "2146"]
[PlyCount "51"]
[EventDate "2006.06.02"]
[EventType "swiss"]
[EventRounds "7"]
[EventCountry "GER"]
[SourceTitle "EXT 2007"]
[Source "ChessBase"]
[SourceDate "2006.11.23"]
[SourceVersion "1"]
[SourceVersionDate "2006.11.23"]
[SourceQuality "1"]

1. e4 e6 2. d4 d5 3. Nc3 Bb4 4. e5 c5 5. Qg4 Ne7 6. dxc5 Bxc3+ 7. bxc3 Qc7 8. Nf3 Ng6 9. Be3 b6 10. Qb4 Nd7 11. cxb6 axb6 12. Bb5 Ngxe5 13. Nxe5 Qxe5 14. 0-0 Ba6 15. a4 Bxb5 16. axb5 Rc8 17. Ra6 Qf6 18. Bxb6 Qe7 19. Ba5 Nc5 20. Rc6 Kd7 21. Rd1 Nb7 22. Rxd5+ exd5 23. Qg4+ Qe6 24. Rxe6 fxe6 25. Qxg7+ Kd6 26. Qxb7 1-0

[Event "Duisburg Grossenbaum op"]
[Site "Duisburg"]
[Date "2006.06.11"]
[Round "7"]
[White "Ciornei, Dragos"]
[Black "Markgraf, Jonas"]
[Result "1/2-1/2"]
[WhiteElo "2222"]
[BlackElo "2046"]
[PlyCount "52"]
[EventDate "2006.06.02"]
[EventType "swiss"]
[EventRounds "7"]
[EventCountry "GER"]
[SourceTitle "EXT 2007"]
[Source "ChessBase"]
[SourceDate "2006.11.23"]
[SourceVersion "1"]
[SourceVersionDate "2006.11.23"]
[SourceQuality "1"]

1. e4 c5 2. Nf3 Nc6 3. d4 cxd4 4. Nxd4 Nf6 5. Nc3 e5 6. Ndb5 d6 7. Bg5 a6 8. Na3 Be6 9. Nc4 Rc8 10. Ne3 Be7 11. Bxf6 Bxf6 12. Ncd5 Bg5 13. Bd3 Bxe3 14. Nxe3 Qg5 15. 0-0 0-0 16. c3 Ne7 17. Bc2 Ng6 18. Kh1 Rcd8 19. Qf3 h5 20. Bb3 Nf4 21. Rad1 Bc8 22. g3 Ne6 23. h4 Qg6 24. Nf5 Qf6 25. Qxh5 g6 26. Qh6 Ng7 1/2-1/2